Поиск эффективных окислительных реагентов на основе 2-иодбензолсульфокислоты; Химия и химическая технология в XXI веке

Chi tiết về thư mục
Parent link:Химия и химическая технология в XXI веке.— 2019.— [С. 151-152]
Tác giả chính: Бычкова И. А.
Nhiều tác giả của công ty: Национальный исследовательский Томский политехнический университет Исследовательская школа химических и биомедицинских технологий (ИШХБМТ), Национальный исследовательский Томский политехнический университет Инженерная школа новых производственных технологий Научно-образовательный центр Н. М. Кижнера
Tác giả khác: Миронова И. А. Ирина Андреевна (научный руководитель), Юсубова Р. Я. Роза Явидовна
Tóm tắt:Заглавие с экрана
Ngôn ngữ:Tiếng Nga
Được phát hành: 2019
Loạt:Химия и химическая технология органических веществ и материалов
Những chủ đề:
Truy cập trực tuyến:http://earchive.tpu.ru/handle/11683/55400
Định dạng: Điện tử Chương của sách
KOHA link:https://koha.lib.tpu.ru/cgi-bin/koha/opac-detail.pl?biblionumber=629376

MARC

LEADER 00000naa2a2200000 4500
001 629376
005 20251201134424.0
035 |a (RuTPU)RU\TPU\conf\29972 
035 |a RU\TPU\conf\29971 
090 |a 629376 
100 |a 20190618d2019 k y0rusy50 ca 
101 0 |a rus 
102 |a RU 
105 |a y z 101zy 
135 |a drgn ---uucaa 
181 0 |a i  
182 0 |a b 
200 1 |a Поиск эффективных окислительных реагентов на основе 2-иодбензолсульфокислоты  |f И. А. Бычкова, И. А. Миронова  |g науч. рук. Р. Я. Юсубова 
203 |a Текст  |c электронный 
225 1 |a Химия и химическая технология органических веществ и материалов 
300 |a Заглавие с экрана 
320 |a [Библиогр.: с. 152 (5 назв.)] 
463 0 |0 (RuTPU)RU\TPU\conf\29907  |t Химия и химическая технология в XXI веке  |o материалы XX Международной научно-практической конференции имени профессора Л. П. Кулёва студентов и молодых ученых, 20–23 мая 2019 г., г. Томск  |f Национальный исследовательский Томский политехнический университет  |v [С. 151-152]  |d 2019 
610 1 |a электронный ресурс 
610 1 |a труды учёных ТПУ 
610 1 |a окислительные реагенты 
610 1 |a поливалентный иод 
610 1 |a биологически активные вещества 
610 1 |a окислительные свойства 
700 1 |a Бычкова  |b И. А. 
701 1 |a Миронова  |b И. А.  |c химик  |c инженер Томского политехнического университета  |f 1993-  |g Ирина Андреевна  |3 (RuTPU)RU\TPU\pers\37473  |9 20360 
702 1 |a Юсубова  |b Р. Я.  |c химик  |c доцент Томского политехнического университета, кандидат химических наук  |f 1964-  |g Роза Явидовна  |4 727 
712 0 2 |a Национальный исследовательский Томский политехнический университет  |b Исследовательская школа химических и биомедицинских технологий (ИШХБМТ)  |c (2017- )  |3 (RuTPU)RU\TPU\col\23537 
712 0 2 |a Национальный исследовательский Томский политехнический университет  |b Инженерная школа новых производственных технологий  |b Научно-образовательный центр Н. М. Кижнера  |3 (RuTPU)RU\TPU\col\23556 
801 2 |a RU  |b 63413507  |c 20190806  |g RCR 
856 4 |u http://earchive.tpu.ru/handle/11683/55400 
942 |c BK